Datum a čas kvízu
25.5
Celkem bodů
Celkový počet nahraných bodů na tomto kvízu bez doplňovacích otázek.
4.
Pořadí na kvízu
Konečné umístění týmu na tomto kvízu.
Zaznamenané odpovědi
# | Otázka | Odpověď | Body | Výsledky |
---|---|---|---|---|
1. | V neděli byla slavnostně otevř... | sv. Jakub | 1 | |
2. | Ve čtvrtek odsoudil nejvyšší s... | Brazílie; Jair Bolsonaro | 0 | |
3. | 44letý český dirigent Jakub Hr... | v Londýně | 0 | |
4. | 81letý americký podnikatel Lar... | Oracle | 1 | |
5. | V sobotu byl slavnostně zaháje... | atletika; Tokio | 0.5 | |
6. | V tomto tématu se budeme zabýv... | sestra - bratr | 0 | |
7. | Chronologicky seřaďte vybrané... | 1D 2B 3C 4A | 0 | |
8. | Která z uvedených osobností je... | C | 1 | |
9. | V této otázce nás bude zajímat... | Vratislav (I.) | 0 | |
10. | Přiřaďte příbuzenské vztahy vy... | 1C 2A 3D 4B | 0 |